Handbook on women in business and management (Record no. 279)

MARC details
000 -LEADER
fixed length control field 00964nam a2200241 a 4500
008 - FIXED-LENGTH DATA ELEMENTS--GENERAL INFORMATION
fixed length control field 140923s2007 ||||||||||||||||| || u
010 ## - LIBRARY OF CONGRESS CONTROL NUMBER
LC control number 2006015865
020 ## - INTERNATIONAL STANDARD BOOK NUMBER
International Standard Book Number 1845424328 (hbk.)
020 ## - INTERNATIONAL STANDARD BOOK NUMBER
International Standard Book Number 9781845424329 (hbk.)
050 ## - LIBRARY OF CONGRESS CALL NUMBER
Classification number 658.4 Bil
100 ## - MAIN ENTRY--PERSONAL NAME
Personal name Piderit, Sandy Kristin
245 10 - TITLE STATEMENT
Title Handbook on women in business and management
Statement of responsibility, etc. edited by Diana Bilimoria and Sandy Kristin Piderit.
260 ## - PUBLICATION, DISTRIBUTION, ETC.
Place of publication, distribution, etc. Cheltenham, UK
Name of publisher, distributor, etc. Edward Elgar
Date of publication, distribution, etc. 2007
300 ## - PHYSICAL DESCRIPTION
Extent xviii, 375 p. : ill.
490 ## -
-- Elgar original reference
500 ## - GENERAL NOTE
General note Includes bibliographical references and index.
650 #0 - SUBJECT ADDED ENTRY--TOPICAL TERM
Topical term or geographic name entry element WOMEN EXECUTIVES--HANDBOOKS, MANUALS, etc
650 #0 - SUBJECT ADDED ENTRY--TOPICAL TERM
Topical term or geographic name entry element BUSINESSWOMEN--HANDBOOKS, MANUALS, ETC
700 ## - ADDED ENTRY--PERSONAL NAME
Personal name Bilimoria, Diana
856 ## - ELECTRONIC LOCATION AND ACCESS
Uniform Resource Identifier http://www.loc.gov/catdir/toc/ecip0613/2006015865.html
995 ## -
-- AMERICAN CORNER
-- 0106548
-- CBU-DAG HAMMARSKJOLD INSTITUTE LIBRARY
-- 658.4 Bil
-- 1
-- AVAILABLE
-- Sep 23, 2014
-- 0106548
-- American Collection
999 ## -
-- 279
-- 279
Holdings
Withdrawn status Lost status Source of classification or shelving scheme Damaged status Not for loan Permanent Location Current Location Shelving location Date acquired Total Checkouts Full call number Barcode Date last seen Price effective from Koha item type
          CBU-DAG HAMMARSKJOLD INSTITUTE CBU-DAG HAMMARSKJOLD INSTITUTE   11/28/2022   658.4 Bil 0106548 11/28/2022 11/28/2022 MONOGRAPH